| 000 | 00847nam a22002417a 4500 | ||
|---|---|---|---|
| 005 | 20170504113117.0 | ||
| 010 | _aENG-109922 | ||
| 020 |
_a9788192226651 _c599.00 |
||
| 035 | _aEN-93455 | ||
| 035 | _aB-534519-523 | ||
| 035 | _aB-667851 | ||
| 037 | _bDBAD/PUB | ||
| 037 |
_bStar Pub/Ven _adpl |
||
| 082 | _aN | ||
| 100 | _aSubhashini Dinesh | ||
| 245 | 0 | 0 |
_aMy iron wings / _cby Subhashini Dinesh |
| 260 |
_aNew Delhi _bPalimpsest Publishing House _c2013 |
||
| 270 |
_a16, Community Centre, Panchsheel Park _bNew Delhi _e110017 |
||
| 300 |
_a404p. _c24cm(Hb) |
||
| 942 |
_2ddc _cEN _mSUB _hN |
||
| 999 |
_c84010 _d84010 |
||